000 00649nam a2200241Ia 4500
003 OSt
005 20220918212214.0
006 a|||||r|||| 00| 0
007 ta
008 220917b |||||||| |||| 00| 0 eng d
024 _a127,749
037 _cTextual
040 _aARTS
_cARTS
_beng
041 _2eng
_aeng
082 _aW64N14u3.N85-N18, M7
100 _aThurlow R
_9122904
245 0 _aFascism in Britain
_b A history 1918-1985
260 _aU
_bK Basil
_c1987
300 _ax, 317p.
_ccm.
650 _aPOLITICAL SCIENCE
942 _hW64N14u3.N85-N18, M7
_cTEXL
_2CC
999 _c250891
_d250891